000 01162nam a2200229Ia 4500
001 L235-7380
003 IT-CnALBA
008 170116s9999||||xx |||||||||||||| ||und||
040 _aIT-CnALBA
_cIT-CnALBA
041 _aITALIANO
100 _aGRIGNON DE-MONTFORT LUIGI, SANTO.
245 0 _aTOTUS TUUS. TRATTATO DELLA VERA DEVOZIONE A MARIA.
250 _a1a ed.
260 _a ROSTA, TORINO
_bCENTRO M. DIVINAE GR.
_c1981 [1° Ed.:1981]
300 _a192 p. (prefazione: 34)
500 _aMARIA NEL DISEGNO DI DIO. NECESSITÀ DELLA VERA DEVOZIONE. FONDAMENTI. CONSACRAZIONE. FIGURA BIBLICA DELLA CONSACRAZIONE. EFFETTI. PRATICHE DI DEVOZIONE A MARIA. LA COMUNIONE EUCARISTICA. SCHIAVITÙ DI MARIA. PREGHIERE.
501 _aSocietà San Paolo EM - Piazza San Paolo, 14 - 12051 ALBA (CN) (non commercial uses only) ® Copyright 2017
520 _aMARIA NEL DISEGNO DI DIO. NECESSITÀ DELLA VERA DEVOZIONE. FONDAMENTI. CONSACRAZIONE. FIGURA BIBLICA DELLA CONSACRAZIONE. EFFETTI. PRATICHE DI DEVOZIONE A MARIA. LA COMUNIONE EUCARISTICA. SCHIAVITÙ DI MARIA. PREGHIERE.
650 _aMARIA SS. ANGELI SANTI DEMONI
942 _cBK
957 _71
999 _a8356
_bNO
_g Copie: 1
_c266562
_d266562